| 000 | 00830nam a2200229Ii 4500 | ||
|---|---|---|---|
| 003 | JO-AjNU | ||
| 008 | 230605s9999||||xx |||||||||||||| ||und|| | ||
| 017 | _a15957/2014 | ||
| 020 | _a978-977-04-7600-0 | ||
| 040 |
_aJO-AjNU _bara _erda _cJO-AjNU |
||
| 041 | _aara | ||
| 050 | 1 | 4 | _aK2400.A28.2014 |
| 100 | 3 |
_aابو خوات، ماهر جميل, _eauthor _964451 |
|
| 245 | 0 | 0 | _aلجنة تقصي الحقائق والعدالة الانتقالية في اطار القواعد الدولية والممارسات الوطنية |
| 250 | _aط1 | ||
| 264 | 3 | 1 | _aالقاهرة: دار النهضة العربية، 2014 |
| 300 | _a164ص | ||
| 336 |
_atext _btxt _2rdacontent |
||
| 337 |
_aunmediated _bn _2rdamedia |
||
| 338 |
_avolume _bnc _2rdacarrier |
||
| 650 | 4 |
_aالقانون-لجنة تقصي الحقائق _964452 |
|
| 999 |
_aA29373 _c32941 _d32941 |
||